=LDR 00000nam 2200000 4500 =001 INLIS000000000015403 =005 20130612110701 =008 ***********************************Indo** =035 ##$$0010-061300000015403 =041 ##$$a Indo =082 ##$$a 028.5 =090 ##$$a 028.5, Asm =100 ##$$a Asmoro Riyadi =245 ##$$a Guruku Sahabatku, Riyadi Asmoro =250 ##$$a Seri Bp 3456 =260 ##$$a 1986 $b Jakarta =300 ##$$a 75hlm, ilus, 20 cm =650 ##$$a Bacaan Kanak-Kanak-Indonesia =850 ##$$a NBPNMAT